[Event "MNT-chT 1st League"]
[Site "Podgorica"]
[Date "2014.09.13"]
[Round "5.2"]
[White "Ralevic, Zoran"]
[Black "Minic, Milan"]
[Result "1/2-1/2"]
[WhiteElo "2086"]
[BlackElo "2112"]
[PlyCount "94"]
[EventDate "2014.08.29"]
[EventType "team-tourn"]
[EventRounds "9"]
[EventCountry "MNE"]
[SourceTitle "EXT 2018"]
[Source "ChessBase"]
[SourceDate "2017.10.13"]
[SourceVersion "1"]
[SourceVersionDate "2017.10.13"]
[SourceQuality "1"]
[WhiteTeam "7 Oktobar"]
[BlackTeam "Mornar"]
[WhiteTeamCountry "MNE"]
[BlackTeamCountry "MNE"]

1. d4 Nf6 2. Nf3 c5 3. e3 g6 4. g3 b6 5. Bg2 Bb7 6. 0-0 Bg7 7. b3 0-0 8. Bb2 d6 9. c4 e6 10. Nc3 a6 11. dxc5 bxc5 12. Qc2 Nc6 13. Rfd1 Qc7 14. Rd2 Rfd8 15. Rad1 d5 16. cxd5 Nb4 17. Qb1 Nbxd5 18. Na4 Rdc8 19. Rc1 Nd7 20. Bxg7 Kxg7 21. Rdc2 Nb4 22. Rc4 a5 23. a3 Nd5 24. Nxc5 Nxc5 25. b4 axb4 26. axb4 Nb6 27. Rxc5 Qe7 28. Rxc8 Rxc8 29. Rxc8 Nxc8 30. Qb2+ Kg8 31. Qd4 Nd6 32. Qc5 Nf5 33. Qb6 Qd7 34. Nd4 Bxg2 35. Kxg2 Qd5+ 36. Kg1 Qe4 37. Nxf5 Qxf5 38. Qd8+ Kg7 39. Qd4+ e5 40. Qb2 h5 41. h4 g5 42. hxg5 h4 43. gxh4 Qg4+ 44. Kf1 Qd1+ 45. Kg2 Qg4+ 46. Kf1 Qd1+ 47. Kg2 Qg4+ 1/2-1/2

[Event "MNT-chT 1st League"]
[Site "Podgorica"]
[Date "2014.08.29"]
[Round "1.2"]
[White "Ralevic, Zoran"]
[Black "Bulatovic, Dragan"]
[Result "0-1"]
[WhiteElo "2086"]
[BlackElo "2202"]
[PlyCount "69"]
[EventDate "2014.08.29"]
[EventType "team-tourn"]
[EventRounds "9"]
[EventCountry "MNE"]
[SourceTitle "EXT 2018"]
[Source "ChessBase"]
[SourceDate "2017.10.13"]
[SourceVersion "1"]
[SourceVersionDate "2017.10.13"]
[SourceQuality "1"]
[WhiteTeam "7 Oktobar"]
[BlackTeam "Dijagonale"]
[WhiteTeamCountry "MNE"]
[BlackTeamCountry "MNE"]

1. d4 Nf6 2. c4 c5 3. Nf3 cxd4 4. Nxd4 Qc7 5. e3 a6 6. Nc3 e6 7. a3 Be7 8. Be2 0-0 9. 0-0 d6 10. Qd3 Nbd7 11. b3 b6 12. Bb2 Bb7 13. Rac1 Rac8 14. Qd1 Rfd8 15. Bf3 Ne5 16. Qc2 Bf8 17. Rfd1 g6 18. b4 Ned7 19. Bxb7 Qxb7 20. Qe2 Bg7 21. b5 Nb8 22. bxa6 Qxa6 23. Ndb5 d5 24. cxd5 exd5 25. Nd4 Rc4 26. Nxd5 Rxc1 27. Nxf6+ Bxf6 28. Rxc1 Qxe2 29. Nxe2 Bxb2 30. Rb1 Bxa3 31. Nd4 Bc5 32. Nb3 Kf8 33. g3 Ke7 34. Ra1 Rd3 35. Rb1 0-1

[Event "MNT-chT1"]
[Site "Cetinje"]
[Date "2013.08.31"]
[Round "2"]
[White "Ralevic, Zoran"]
[Black "Cetkovic, Miodrag"]
[Result "0-1"]
[WhiteElo "2111"]
[BlackElo "2187"]
[PlyCount "73"]
[EventDate "2013.08.30"]
[EventType "team-tourn"]
[EventRounds "9"]
[EventCountry "MNE"]
[SourceTitle "CBM 156 Extra"]
[Source "ChessBase"]
[SourceDate "2013.10.22"]
[SourceVersion "1"]
[SourceVersionDate "2013.10.22"]
[SourceQuality "1"]

1. d4 Nf6 2. c4 g6 3. Nc3 Bg7 4. Nf3 0-0 5. Bg5 h6 6. Bh4 d6 7. e3 c6 8. Be2 Bf5 9. 0-0 g5 10. Bg3 Nh5 11. Re1 Bg6 12. e4 Nd7 13. Qd2 Qc7 14. Rad1 Rad8 15. Qe3 b6 16. Nd2 e5 17. d5 Nf4 18. dxc6 Qxc6 19. Nd5 Rfe8 20. b4 Nf8 21. Nb3 Nxe2+ 22. Qxe2 Ne6 23. b5 Qb7 24. Nb4 Bf8 25. f3 f5 26. Nc6 Rc8 27. exf5 Bxf5 28. h4 Qh7 29. hxg5 hxg5 30. Qd2 Rc7 31. Qd5 Rf7 32. Qd2 g4 33. Rf1 Qg6 34. fxg4 Qxg4 35. Bf2 Nf4 36. g3 Ne2+ 37. Kg2 0-1

[Event "MNT-chTA"]
[Site "Cetinje"]
[Date "2012.09.23"]
[Round "6"]
[White "Djokovic, Mirsad"]
[Black "Ralevic, Zoran"]
[Result "1/2-1/2"]
[WhiteElo "2077"]
[BlackElo "2108"]
[PlyCount "108"]
[EventDate "2012.09.07"]
[EventType "team-tourn"]
[EventRounds "9"]
[EventCountry "MNE"]
[SourceTitle "CBM 150 Extra"]
[Source "ChessBase"]
[SourceDate "2012.10.19"]
[SourceVersion "1"]
[SourceVersionDate "2012.10.19"]
[SourceQuality "1"]

1. e4 c6 2. Nc3 d5 3. Qf3 e6 4. b3 Nf6 5. Bb2 Nbd7 6. 0-0-0 Bb4 7. exd5 cxd5 8. Qg3 0-0 9. h4 Qe7 10. Kb1 Bd6 11. Qf3 a6 12. h5 Ne5 13. Qe2 Bd7 14. d4 Nc6 15. g4 Ne8 16. Nh3 Bb4 17. Rg1 f6 18. Qe3 Nd6 19. Nf4 Bxc3 20. Bxc3 Ne4 21. Bb2 Qd6 22. f3 Ng5 23. Nd3 b6 24. Bg2 h6 25. f4 Nf7 26. Rde1 Rae8 27. Qc1 Qc7 28. Ba3 Ne7 29. f5 Nd8 30. Nf4 Bc6 31. Nxe6 Nxe6 32. Rxe6 Rf7 33. Rge1 Qd7 34. Bd6 Kh7 35. Qa3 Nc8 36. Rxe8 Nxd6 37. R8e6 Nb5 38. Qb2 Nc7 39. Qc3 Bb7 40. Rxb6 Nb5 41. Qc5 Qd8 42. a4 Rc7 43. Qb4 Nc3+ 44. Kb2 a5 45. Qxa5 Qc8 46. Rbe6 Nxa4+ 47. Qxa4 Rxc2+ 48. Ka3 Qc3 49. Bf1 Qb2+ 50. Kb4 Qxd4+ 51. Ka3 Qb2+ 52. Kb4 Qc3+ 53. Ka3 Qb2+ 54. Kb4 Qc3+ 1/2-1/2

[Event "MNT-chTA"]
[Site "Cetinje"]
[Date "2012.09.08"]
[Round "2"]
[White "Ralevic, Zoran"]
[Black "Maric, Bozo"]
[Result "1-0"]
[WhiteElo "2108"]
[BlackElo "2233"]
[PlyCount "71"]
[EventDate "2012.09.07"]
[EventType "team-tourn"]
[EventRounds "9"]
[EventCountry "MNE"]
[SourceTitle "CBM 150 Extra"]
[Source "ChessBase"]
[SourceDate "2012.10.19"]
[SourceVersion "1"]
[SourceVersionDate "2012.10.19"]
[SourceQuality "1"]

1. d4 Nf6 2. c4 g6 3. Nc3 Bg7 4. Nf3 0-0 5. Bg5 d6 6. e3 h6 7. Bh4 Nbd7 8. Be2 c6 9. 0-0 Qb6 10. Qc2 Re8 11. d5 Nc5 12. Nd4 Bd7 13. a3 a5 14. Rad1 a4 15. Rd2 Qa7 16. Bf3 Rac8 17. Bd1 cxd5 18. Bxf6 Bxf6 19. Nxd5 Bg7 20. Nc3 Qa5 21. Bf3 Bc6 22. Rfd1 Bxf3 23. gxf3 Kh7 24. f4 Rf8 25. f5 Nb3 26. Nxb3 axb3 27. Qxb3 Qxf5 28. Qxb7 Rxc4 29. Ne2 Be5 30. f4 Bf6 31. Ng3 Qg4 32. Kg2 Rfc8 33. Qf3 Qe6 34. Re2 h5 35. Qd5 Qxd5+ 36. Rxd5 1-0

[Event "MNT-chT"]
[Site "Cetinje"]
[Date "2010.10.10"]
[Round "9"]
[White "Ralevic, Zoran"]
[Black "Musovic, Armin"]
[Result "1/2-1/2"]
[WhiteElo "2134"]
[BlackElo "2134"]
[PlyCount "101"]
[EventDate "2010.08.27"]
[EventType "team-tourn"]
[EventRounds "9"]
[EventCountry "MNE"]
[SourceTitle "CBM 138 Extra"]
[Source "ChessBase"]
[SourceDate "2010.10.29"]
[SourceVersion "1"]
[SourceVersionDate "2010.10.29"]
[SourceQuality "1"]

1. d4 Nf6 2. c4 e6 3. Nc3 Bb4 4. Bg5 h6 5. Bxf6 Qxf6 6. Rc1 c5 7. Nf3 0-0 8. e3 b6 9. Be2 Nc6 10. 0-0 Bxc3 11. Rxc3 d6 12. dxc5 dxc5 13. Qd6 e5 14. Qxf6 gxf6 15. Rd1 Be6 16. Rd6 Rac8 17. Rc1 Rfd8 18. Rcd1 Rxd6 19. Rxd6 Kf8 20. Kf1 Ke7 21. Rd2 f5 22. b3 e4 23. Nh4 Ne5 24. g3 Rd8 25. Rxd8 Kxd8 26. h3 Kc7 27. Ng2 a6 28. Ke1 Kc6 29. Kd2 b5 30. Kc3 b4+ 31. Kc2 a5 32. Nf4 a4 33. Kb2 a3+ 34. Kc2 Kd6 35. Nh5 Ng6 36. h4 Ke5 37. Kd2 Bd7 38. Kc2 Bc6 39. Bf1 Nf8 40. Nf4 Ne6 41. Ne2 Be8 42. Kd2 f6 43. Bh3 Bh5 44. Ng1 Nd8 45. Bf1 Ne6 46. Be2 Be8 47. Nh3 Kd6 48. Bd1 Ke7 49. Be2 Kf8 50. Nf4 Nxf4 51. exf4 1/2-1/2

[Event "MNT-chT"]
[Site "Cetinje"]
[Date "2009.10.25"]
[Round "9"]
[White "Cetkovic, Miodrag"]
[Black "Ralevic, Zoran"]
[Result "1-0"]
[WhiteElo "2277"]
[BlackElo "2164"]
[PlyCount "61"]
[EventDate "2009.09.18"]
[EventType "team-tourn"]
[EventRounds "9"]
[EventCountry "MNE"]
[SourceTitle "EXT 2011"]
[Source "ChessBase"]
[SourceDate "2010.11.26"]
[SourceVersion "1"]
[SourceVersionDate "2010.11.26"]
[SourceQuality "1"]

1. e4 c6 2. d4 d5 3. e5 Bf5 4. Nc3 e6 5. g4 Bg6 6. Nge2 c5 7. Be3 Nc6 8. dxc5 Nxe5 9. Nf4 a6 10. Qe2 Nf6 11. 0-0-0 Be7 12. f3 Qd7 13. h4 h6 14. Bf2 Nc6 15. Nxg6 fxg6 16. Qd3 Kf7 17. h5 g5 18. Be2 Rhe8 19. f4 gxf4 20. g5 Ng8 21. gxh6 Nxh6 22. Qg6+ Kf8 23. Ne4 Ne5 24. Qh7 Kf7 25. Rhg1 Rg8 26. Bd4 Qc7 27. Ng5+ Bxg5 28. Rxg5 Nf5 29. Rxf5+ exf5 30. Qxf5+ Ke8 31. Qe6+ 1-0

[Event "MNT-chT"]
[Site "Cetinje"]
[Date "2009.10.11"]
[Round "6"]
[White "Ralevic, Zoran"]
[Black "Petijevic, Vaso"]
[Result "0-1"]
[WhiteElo "2164"]
[BlackElo "2291"]
[PlyCount "98"]
[EventDate "2009.09.18"]
[EventType "team-tourn"]
[EventRounds "9"]
[EventCountry "MNE"]
[SourceTitle "EXT 2011"]
[Source "ChessBase"]
[SourceDate "2010.11.26"]
[SourceVersion "1"]
[SourceVersionDate "2010.11.26"]
[SourceQuality "1"]

1. d4 c5 2. d5 Nf6 3. c4 e6 4. Nc3 exd5 5. cxd5 g6 6. g3 Bg7 7. Bg2 d6 8. Nf3 0-0 9. Bg5 h6 10. Bxf6 Qxf6 11. 0-0 Nd7 12. Rc1 Rb8 13. a4 b6 14. e4 a6 15. Re1 Re8 16. Bf1 Ne5 17. Nxe5 Qxe5 18. Kg2 Qd4 19. Qc2 Qb4 20. f3 b5 21. axb5 axb5 22. Ra1 c4 23. g4 Bb7 24. Reb1 Ra8 25. Re1 Rxa1 26. Rxa1 Ra8 27. Rxa8+ Bxa8 28. Be2 Bb7 29. Qc1 Qc5 30. Nd1 Qa7 31. Kf1 Qa5 32. h4 Qd8 33. g5 hxg5 34. hxg5 Qd7 35. Qe3 Qh3+ 36. Ke1 Be5 37. Qb6 Qd7 38. Qe3 Qe7 39. Qa3 Bc8 40. Qb4 Bg3+ 41. Kd2 Bf4+ 42. Kc2 Bd7 43. Nc3 Qe5 44. Qa5 Bxg5 45. f4 Bxf4 46. Qd8+ Kg7 47. Qxd7 Qd4 48. Kb1 b4 49. Bxc4 bxc3 0-1

[Event "MNT-chT"]
[Site "Cetinje"]
[Date "2009.10.10"]
[Round "5"]
[White "Ralevic, Zoran"]
[Black "Cabrilo, Goran"]
[Result "1/2-1/2"]
[WhiteElo "2164"]
[BlackElo "2494"]
[PlyCount "157"]
[EventDate "2009.09.18"]
[EventType "team-tourn"]
[EventRounds "9"]
[EventCountry "MNE"]
[SourceTitle "EXT 2011"]
[Source "ChessBase"]
[SourceDate "2010.11.26"]
[SourceVersion "1"]
[SourceVersionDate "2010.11.26"]
[SourceQuality "1"]

1. d4 Nf6 2. c4 g6 3. Nc3 Bg7 4. Nf3 0-0 5. Bg5 d6 6. e3 Nbd7 7. Be2 c6 8. 0-0 h6 9. Bh4 g5 10. Bg3 Nh5 11. e4 a6 12. Qd2 b5 13. a3 Nxg3 14. hxg3 Nb6 15. cxb5 cxb5 16. d5 Bd7 17. Rac1 Rc8 18. Na2 Nc4 19. Bxc4 bxc4 20. Nc3 Qb6 21. Rc2 f5 22. Qe2 f4 23. gxf4 Rxf4 24. Qe3 Qb7 25. Nd4 Rcf8 26. Nce2 R4f7 27. Ng3 Be5 28. Ngf5 Kh7 29. Qe2 Rc8 30. Qh5 Rf6 31. Qe2 Bb5 32. Rc3 Rxf5 33. Nxf5 Bxc3 34. bxc3 Bd7 35. Nd4 Rf8 36. Qxc4 Qc8 37. Qd3 Kg7 38. Qg3 Qc5 39. Rb1 Qxa3 40. Rb7 Qa4 41. Nf5+ Bxf5 42. Rxe7+ Rf7 43. Rxf7+ Kxf7 44. exf5 Qd1+ 45. Kh2 Qxd5 46. Qh3 Qe5+ 47. Kh1 Qe1+ 48. Kh2 Qxf2 49. Qh5+ Ke7 50. Qg6 Qh4+ 51. Kg1 Qe1+ 52. Kh2 Qe5+ 53. g3 Qf6 54. Qh7+ Qf7 55. Qxh6 Qxf5 56. Qg7+ Ke6 57. Qg8+ Kd7 58. Qg7+ Kc6 59. Qh8 Qc5 60. Qe8+ Kb6 61. Qb8+ Kc6 62. Qe8+ Kb6 63. Qb8+ Ka5 64. Qb3 d5 65. Kh3 Qc4 66. Qa3+ Kb5 67. Qb2+ Kc6 68. Qa3 g4+ 69. Kh4 Kb5 70. Qb2+ Ka4 71. Kg5 a5 72. Kf5 Qb3 73. Qa1+ Kb5 74. Qf1+ Qc4 75. Qb1+ Kc6 76. Qb8 Qe4+ 77. Kg5 Kc5 78. Qc7+ Kb5 79. Qd7+ 1/2-1/2

[Event "MNT-chT"]
[Site "Cetinje"]
[Date "2009.10.09"]
[Round "4"]
[White "Scepanovic, Dalibor"]
[Black "Ralevic, Zoran"]
[Result "1-0"]
[WhiteElo "2075"]
[BlackElo "2164"]
[PlyCount "127"]
[EventDate "2009.09.18"]
[EventType "team-tourn"]
[EventRounds "9"]
[EventCountry "MNE"]
[SourceTitle "EXT 2011"]
[Source "ChessBase"]
[SourceDate "2010.11.26"]
[SourceVersion "1"]
[SourceVersionDate "2010.11.26"]
[SourceQuality "1"]

1. e4 c6 2. d4 d5 3. Nc3 dxe4 4. Nxe4 Bf5 5. Ng3 Bg6 6. Nf3 Nd7 7. h4 h6 8. Bd3 Bxd3 9. Qxd3 Qc7 10. Be3 Ngf6 11. 0-0-0 e6 12. Ne4 Nxe4 13. Qxe4 Nf6 14. Qd3 Bd6 15. Kb1 Ng4 16. Qe4 Nxe3 17. Qxe3 0-0-0 18. d5 exd5 19. Qxa7 Rhe8 20. Nd4 Be5 21. Rh3 Bxd4 22. Qxd4 Qe5 23. Qg4+ f5 24. Qh5 f4 25. Qg4+ Kc7 26. Rhd3 g5 27. hxg5 hxg5 28. a3 Qe7 29. g3 Qf6 30. Rb3 Re4 31. Rh1 Rde8 32. Rh5 R8e5 33. Qh3 Re7 34. Rh8 Qe6 35. Qh5 fxg3 36. fxg3 g4 37. Ra8 Qf7 38. Qh8 Re8 39. Rxe8 Rxe8 40. Qd4 Qd7 41. Qa7 Rb8 42. Qb6+ Kd6 43. Qb4+ Kc7 44. Qb6+ Kd6 45. Qb4+ Kc7 46. Qf4+ Qd6 47. Qxg4 Re8 48. Qg7+ Re7 49. Qh8 c5 50. Qa8 Qa6 51. Qf8 Qd6 52. Ka2 d4 53. g4 Qe6 54. Qa8 Qa6 55. Qf8 Qe6 56. g5 b6 57. g6 Re8 58. g7 Qg8 59. Qxg8 Rxg8 60. Rg3 Kc6 61. Rg5 c4 62. a4 d3 63. cxd3 cxd3 64. Kb3 1-0

[Event "MNT-chT"]
[Site "Cetinje"]
[Date "2009.09.20"]
[Round "3"]
[White "Ralevic, Zoran"]
[Black "Bogosavljevic, Boban"]
[Result "0-1"]
[WhiteElo "2164"]
[BlackElo "2530"]
[PlyCount "74"]
[EventDate "2009.09.18"]
[EventType "team-tourn"]
[EventRounds "9"]
[EventCountry "MNE"]
[SourceTitle "EXT 2011"]
[Source "ChessBase"]
[SourceDate "2010.11.26"]
[SourceVersion "1"]
[SourceVersionDate "2010.11.26"]
[SourceQuality "1"]

1. d4 Nf6 2. c4 e6 3. Bg5 c5 4. d5 h6 5. Bh4 Qb6 6. Bxf6 gxf6 7. Qc2 Bg7 8. Nc3 f5 9. f4 d6 10. Nf3 Nd7 11. dxe6 fxe6 12. 0-0-0 Nf6 13. e3 Bd7 14. Bd3 Bc6 15. Rhe1 0-0-0 16. e4 fxe4 17. Nxe4 Nxe4 18. Bxe4 Ba4 19. b3 Be8 20. g4 Kb8 21. f5 exf5 22. Bxf5 Rf8 23. Re7 Bf6 24. Re6 Bc6 25. Ng1 Qc7 26. Qf2 d5 27. cxd5 Bxd5 28. Re2 Bg5+ 29. Kb2 Qg7+ 30. Kc2 c4 31. b4 Bc6 32. Rxd8+ Rxd8 33. Qg3+ Ka8 34. Qe5 Ba4+ 35. Kc3 Bf6 36. Nf3 Bxe5+ 37. Nxe5 Rd5 0-1

[Event "MNT-chT1"]
[Site "Podgorica"]
[Date "2007.09.23"]
[Round "4"]
[White "Stojanovic, Nebojsa"]
[Black "Ralevic, Zoran"]
[Result "1-0"]
[WhiteElo "2215"]
[BlackElo "2164"]
[PlyCount "117"]
[EventDate "2007.08.26"]
[EventType "team-tourn"]
[EventRounds "9"]
[EventCountry "MNE"]
[SourceTitle "EXT 2009"]
[Source "ChessBase"]
[SourceDate "2008.11.26"]
[SourceVersion "1"]
[SourceVersionDate "2008.11.26"]
[SourceQuality "1"]

1. d4 Nf6 2. Nf3 g6 3. c4 Bg7 4. Nc3 d5 5. Bf4 c6 6. e3 0-0 7. cxd5 Nxd5 8. Nxd5 cxd5 9. Be2 Bg4 10. 0-0 Nc6 11. Qb3 Qd7 12. h3 Bxf3 13. Bxf3 e6 14. Be2 Rac8 15. Rac1 a6 16. Qb6 Bf6 17. a3 Bd8 18. Qb3 Na5 19. Qa2 Be7 20. b4 Nc4 21. Bxc4 dxc4 22. Rxc4 Rxc4 23. Qxc4 Rc8 24. Qd3 Qc6 25. Rd1 Bd6 26. Bxd6 Qxd6 27. e4 b5 28. d5 exd5 29. exd5 h5 30. Qe3 Kg7 31. Rd3 Rc4 32. Qd2 Kf8 33. Rd4 Rc8 34. g3 Kg7 35. Re4 Rd8 36. Rd4 Rc8 37. h4 Kg8 38. Kg2 Kg7 39. Rf4 Rd8 40. Qc3+ Kg8 41. Rd4 Qf6 42. Qc5 Rd6 43. Re4 Qd8 44. Rd4 Kg7 45. Rd3 Kg8 46. Qd4 Qd7 47. Qe5 Kh7 48. f3 Qd8 49. g4 hxg4 50. fxg4 Qc7 51. Kg3 Qc4 52. Rf3 Rd7 53. d6 Qe6 54. Qxe6 fxe6 55. Rd3 e5 56. Kf3 Kg7 57. Ke4 Kf6 58. Kd5 e4 59. Re3 1-0

[Event "MNT-chT 2nd League"]
[Site "Podgorica"]
[Date "2006.10.01"]
[Round "4"]
[White "Sekularac, Predrag"]
[Black "Ralevic, Zoran"]
[Result "1-0"]
[WhiteElo "2174"]
[BlackElo "2198"]
[PlyCount "89"]
[EventDate "2006.09.03"]
[EventType "team-swiss"]
[EventRounds "7"]
[EventCountry "MNE"]
[SourceTitle "EXT 2023"]
[Source "ChessBase"]
[SourceDate "2022.10.05"]
[SourceVersion "1"]
[SourceVersionDate "2022.10.05"]
[SourceQuality "1"]

1. d4 Nf6 2. c4 g6 3. Nc3 d5 4. cxd5 Nxd5 5. e4 Nxc3 6. bxc3 Bg7 7. Be3 0-0 8. Bc4 c5 9. Ne2 cxd4 10. cxd4 Nc6 11. 0-0 Bg4 12. f3 Na5 13. Bxf7+ Rxf7 14. fxg4 Rxf1+ 15. Kxf1 Qd7 16. h3 Qe6 17. Qd3 Nc4 18. Kg1 Nxe3 19. Qxe3 Rd8 20. e5 a6 21. a3 Qd5 22. Rc1 Qa5 23. h4 Qb6 24. Rf1 Rf8 25. Rxf8+ Bxf8 26. e6 Bg7 27. Qe4 Qd6 28. g5 b5 29. g4 a5 30. h5 gxh5 31. gxh5 b4 32. axb4 axb4 33. h6 b3 34. Qf5 Bxd4+ 35. Kf1 Bf6 36. gxf6 exf6 37. Qg4+ Kf8 38. Qg7+ Ke8 39. Qf7+ Kd8 40. Qxf6+ Qe7 41. Qh8+ Kc7 42. Qe5+ Kd8 43. Qd5+ Ke8 44. Qxb3 Qf6+ 45. Kg2 1-0